000 00671nam a2200253Ia 4500
003 OSt
005 20221006141653.0
006 a|||||r|||| 00| 0
007 ta
008 221006b |||||||| |||| 00| 0 jpn d
024 _a3,766
037 _bGift, Japan Foundation
_cTextual
040 _aEASL
_cEASL
_bjpn
041 _2jpn
_ajpn
082 _aO42,D, P1.
100 _aAKIYAMA S etc. Ed.
_9646032
245 0 _aKoten
260 _aTokyo
_bChikuma shobo Japan
_c2001
300 _a224p.
_ccm.
490 _v V.2JL
650 _aJL
942 _hO42,D, P1.
_cTEXL
_2CC
999 _c1071852
_d1071852